Jeux olympiques d'hiver - Statistiques

Statistiques générales
  • Ce quiz a été pris 119 fois
  • Le résultat moyen est 13 sur 24
Statistiques - réponses
Année Ville % Correct
2014 Sotchi
87%
1992 Albertville
85%
2010 Vancouver
82%
2006 Turin
79%
1968 Grenoble
77%
2022 Beijing (Pékin)
74%
1924 Chamonix
69%
2002 Salt Lake City
69%
1994 Lillehammer
61%
1998 Nagano
56%
1952 Oslo
52%
1988 Calgary
51%
1964 Innsbruck
49%
1976 Innsbruck
49%
1984 Sarajevo
45%
2018 Pyeongchang
40%
1928 Saint-Moritz
38%
1948 Saint-Moritz
38%
1932 Lake Placid
36%
1980 Lake Placid
36%
1972 Sapporo
36%
1936 Garmisch-Partenkirchen
26%
1956 Cortina d'Ampezzo
25%
1960 Squaw Valley
19%
Aucun quiz correspondant
Distribution des résultats
% des personnes avec chaque résultat
Percentile par nombre de réponses
Votre historique - résultats
Vous n’avez pas pris ce quiz